Opatrenie č. 65/277/1993, ktorým sa ustanovuje obsah prílohy tvoriacej súčasť účtovnej závierky podnikateľov ...
Úplné znenie opatrenia č. 65/277/1993, ktorým sa ustanovuje obsah prílohy tvoriacej súčasť účtovnej závierky podnikateľov, v znení opatrenia č. 65/506/1994 a opatrenia č. 3358/197 - sekr. z 15. októbra 1997. Opatrenie MF SR č. 65/393/1993, ktorým sa ustanovuje zostavenie konsolidovanej účtovnej závi...
Salvato in:
| Natura: | Capitolo di libro |
|---|---|
| Lingua: | slovacco |
| Soggetti: | |
| Tags: |
Nessun Tag, puoi essere il primo ad aggiungerne!!
|
MARC
| LEADER | 00000naa a2200000 4500 | ||
|---|---|---|---|
| 001 | r033920 | ||
| 005 | 20230919084222.1 | ||
| 041 | 0 | |a slo | |
| 044 | |a SK | ||
| 245 | 1 | 0 | |a Opatrenie č. 65/277/1993, ktorým sa ustanovuje obsah prílohy tvoriacej súčasť účtovnej závierky podnikateľov ... |
| 520 | |a Úplné znenie opatrenia č. 65/277/1993, ktorým sa ustanovuje obsah prílohy tvoriacej súčasť účtovnej závierky podnikateľov, v znení opatrenia č. 65/506/1994 a opatrenia č. 3358/197 - sekr. z 15. októbra 1997. Opatrenie MF SR č. 65/393/1993, ktorým sa ustanovuje zostavenie konsolidovanej účtovnej závierky. | ||
| 610 | 2 | 0 | |a závierka účtovná |
| 610 | 2 | 0 | |a závierka účtovná konsolidovaná |
| 610 | 2 | 0 | |a podnikatelia |
| 610 | 2 | 0 | |a opatrenia |
| 610 | 2 | 0 | |a metodika |
| 610 | 2 | 0 | |a MF SR Bratislava |
| 610 | 2 | 0 | |a 1993-1997 |